Flagi świata (Level Hard) - Statystyki

Ogólne statystyki
  • Ten quiz został rozwiązany 55 razy
  • Średni wynik to 13 z 16
Statystyki odpowiedzi
Obrazkowy Odpowiedź % Poprawnych
Kosowo
100%
Honduras
90%
Erytrea
88%
Surinam
88%
Belize
86%
Nauru
86%
Grenada
84%
Kuwejt
84%
Mauritius
82%
Benin
80%
Namibia
78%
Wyspy Świętego Tomasza i Książeca
78%
Sierra Leone
76%
Tadżykistan
76%
Sudan Południowy
74%
Gambia
72%
Nie znaleziono quizów pasujących do podanych kryteriów
Rozkład punktacji
Procent ludzi z każdym wynikiem
Percentyl według liczby udzielonych odpowiedzi
Twoja historia wyników
Nie rozwiązałeś tego quizu